Nalaganje...
Teaching biology today
| Glavni avtor: | |
|---|---|
| Format: | Printed Book |
| Jezik: | Undetermined English |
| Izdano: |
london
Hutchinson
1980
|
| Teme: |
| LEADER | 00513nam a2200169Ia 4500 | ||
|---|---|---|---|
| 008 | 140306s9999 xx 000 0 und d | ||
| 041 | |a eng | ||
| 082 | |a 574 |b DAL/TE | ||
| 100 | |a Dallas, D | ||
| 245 | |a Teaching biology today | ||
| 260 | |a london |b Hutchinson |c 1980 | ||
| 300 | |a 179 | ||
| 365 | |b UKP.7.95 | ||
| 650 | |a Biology | ||
| 942 | |2 ddc |c BK | ||
| 999 | |c 114799 |d 114799 | ||
| 952 | |0 0 |1 0 |2 ddc |4 0 |6 574_000000000000000_DALTE |7 0 |9 113030 |a KAUHCV |b KAUHCV |d 2004-04-22 |g 7.95 |o 574 DAL/TE |p KAU_HCV-21706 |r 2014-03-22 |w 2014-03-22 |y BK | ||